00363nam a2200133 a 450000500170000000800410001702000180005805000220007610000150009824500460011326000330015930000090019244000280020120140412111326.0110120s19uu xx 00 eng d a1-58634-057-3 aTR(PS EbB35 1999 aBerry, Joy aLet's talk about being good /cJoy berry. aArizona :bGold star,c1999. a32p. aSuperstar kids club too